Las puertas del horror /

Detalles Bibliográficos
Autor principal: Cuartas Restrepo, Juan Manuel (Autor)
Formato: Electrónico eBook
Lenguaje:español
Publicado: Bogotá, Colombia : Editorial Aula de Humanidades, 2023.
Edición:Primera edición.
Colección:Colección Literatura (Editorial Aula de Humanidades). Serie Filosofía-ficción.
Materias:
Acceso en línea:Digitalia Hispánica

MARC

LEADER 00000nam a2200000Ii 4500
001 DIGAUHUM0090
003 NyNyDIG
006 m o d
007 cr |||||||||||
008 260205s2023 ck ob 000 0 spa d
035 |a (OCoLC)1573182236 
040 |a DGITA  |b eng  |e rda  |e pn  |c DGITA 
020 |a 9786287625334  |q (versión digital) 
020 |z 9786287625327  |q (versión impresa) 
050 1 4 |a BJ1535.C7 ebook 
100 1 |a Cuartas Restrepo, Juan Manuel,  |e author. 
245 1 4 |a Las puertas del horror /  |c Juan Manuel Cuartas Restrepo. 
250 |a Primera edición. 
264 1 |a Bogotá, Colombia :  |b Editorial Aula de Humanidades,  |c 2023. 
300 |a 1 online resource. 
336 |a text  |b txt  |2 rdacontent 
337 |a computer  |b c  |2 rdamedia 
338 |a online resource  |b cr  |2 rdacarrier 
347 |a text file  |2 rdaft 
347 |b PDF 
490 1 |a Colección: Literatura. Serie: Filosofía-ficción 
504 |a Includes bibliographical references. 
588 0 |a Online resource; title from PDF title page (Digitalia, viewed February 5, 2026) 
650 0 |a Cruelty. 
650 0 |a Suffering. 
650 0 |a Terror. 
791 2 |a Digitalia (Firm),  |e distributor. 
793 0 |g Digitalia eBook Collection:  |a Editorial Aula de Humanidades 
776 0 8 |i Print version:  |a Cuartas Restrepo, Juan Manuel.  |t Puertas del horror.  |b Primera edición.  |d Bogotá, Colombia : Editorial Aula de Humanidades, 2023  |z 9786287625327 
830 0 |a Colección Literatura (Editorial Aula de Humanidades).  |p Serie Filosofía-ficción. 
856 4 0 |3 Digitalia Hispánica  |u https://www.digitaliapublishing.com/a/180809/ 
910 |a Premium collection: 2026